|
|
|
|
| LEADER |
00000naa a2200000uu 4500 |
| 001 |
vtls010956806 |
| 003 |
SK-MaSNL |
| 005 |
20260302130116.0 |
| 008 |
210905|2007 xo |||||||||||||||||eng| |
| 015 |
|
|
|a SNBRA
|
| 035 |
|
|
|a (urnnbn)urn:nbn:sk:snk:ar-a0boga
|
| 035 |
|
|
|a (uuid)56ca9e30-734e-419c-a90a-9e9443097a79
|
| 035 |
|
|
|a urn:nbn:sk:snk-aaug7e
|
| 040 |
|
|
|a SNKBUCL
|b slo
|c SNKBUCL
|e AACR2
|
| 041 |
0 |
|
|a eng
|
| 044 |
|
|
|a xo
|c SK
|
| 100 |
1 |
|
|a Nives, Štambuk-GILJANOVIĆ
|4 aut
|9 813876
|
| 245 |
1 |
0 |
|a THE ECOLOGICAL DATABASE WATERS BASED ON CONSTRUCTING DIFFERENT INDICES ON VARIOUS WATER QUALITY CHARACTERISTICS
|c Nives Štambuk-Giljanović
|
| 773 |
0 |
|
|t Manažérstvo životného prostredia 2007
|d Žilina : STRIX, 2007
|g S. 689-698
|z 9788089281183
|
| 958 |
|
|
|a OND
|
| 958 |
|
|
|a article11
|
| 958 |
|
|
|a chapter
|
| 999 |
|
|
|c 1297439
|d 1299369
|